Score 0/18 Timer 06:00
0 Plays Today
% Correct
Harry Potter and the
Sorcerer's Sharon Stone
80.5%
The Remains of the
Doris Day
72.5%
East of Barbara Eden
69.8%
The Kristen Bell Jar
69%
Norwegian Elijah Wood
68.6%
Betty White Teeth
64.1%
Jack Lord of the Flies
63.5%
The Red and the
Jack Black
62.7%
Women in
Courtney Love
62.4%
% Correct
Edward G. Robinson
Crusoe
55.6%
The Heart Is a Lonely
Holly Hunter
55.6%
The Justin Long Goodbye
55%
Cleavon Little Women
53.5%
A Portrait of the Artist
as a Sean Young Man
48.9%
Wolf
Michael C. Hall
45.1%
Judith Light in August
44.8%
The Adventures of Augie
Fredric March
41.6%
The Tyrone Power
and the Glory
37.7%

You're not logged in!

Compare scores with friends on all Sporcle quizzes.
OR
Log In

Sporcle TV

Today on Sporcle TV


Watch our educational content, quiz creation guides, and fun videos on Sporcle TV.

Show Comments

Extras

Top Quizzes Today


Score Distribution

Paid Content

Your Account Isn't Verified!

In order to create a playlist on Sporcle, you need to verify the email address you used during registration. Go to your Sporcle Settings to finish the process.

Report this User

Report this user for behavior that violates our Community Guidelines.

Details: